000 00597nam a2200193Ia 4500
003 GCL
008 140319s9999 xx 000 0 ara d
020 _a0907048977
040 _aGCL /
_cGCL
082 0 4 _a813.03
_bت ن
100 1 _aتوفيق الحكيم
245 1 0 _aنظرات فى الدين الثقافة المجتمع /
_cتوفيق الحكيم
260 _aالقاهرة :
_bالمكتب المصرى الحديث ،
_c1979
300 _a198 ص ؛
_c18 سم
490 _a
650 0 4 _aالادب العربى
650 0 4 _aمقالات اجتماعية
942 _2ddc
_cBK
999 _c37810
_d37810